00430nam a2200169 a 4500001000400000003000900004008004100013040002800054082001700082100003400099245003000133250000700163260002700170300001500197490002600212650002200238651CO-ViMGA141112s2004 ck r 000 u spa d aCO-ViMGAbspacCO-ViMGA04a863.64 D654h1 aDomínguez, Carlos Guillermo10aEl hombre de otra galaxia a7a aMadrid : bS.M, c1995 a106 p : il aEl barco de vapor, 5114aNOVELA ESPAÑOLA